[Event "FRA-chT U16"]
[Site "Dieppe"]
[Date "2015.05.23"]
[Round "1.4"]
[White "Lagarde, Dimitri"]
[Black "Bonini, Alexandre"]
[Result "1-0"]
[WhiteElo "2077"]
[BlackElo "1653"]
[PlyCount "85"]
[EventDate "2015.05.??"]
[EventType "team-tourn"]
[EventRounds "6"]
[EventCountry "FRA"]
[SourceTitle "EXT 2016"]
[Source "ChessBase"]
[SourceDate "2015.10.08"]
[SourceVersion "1"]
[SourceVersionDate "2015.10.08"]
[SourceQuality "1"]

1. d4 c5 2. d5 Nf6 3. c4 e6 4. Nc3 exd5 5. cxd5 d6 6. e4 g6 7. Nge2 Bg7 8. Ng3 0-0 9. Be2 a6 10. a4 Re8 11. 0-0 h5 12. f3 Nbd7 13. Bg5 Qc7 14. Nh1 Rb8 15. Nf2 c4 16. Be3 b6 17. Qd2 Bb7 18. Rfc1 Rec8 19. Rab1 Qd8 20. b3 cxb3 21. Rxb3 Nc5 22. Ra3 Nfd7 23. Na2 Kh7 24. Rb1 Qh8 25. Kh1 Re8 26. Nb4 Rec8 27. Nbd3 Re8 28. Nxc5 dxc5 29. Nd1 Qf8 30. Bf4 Rbc8 31. Bc4 Be5 32. Bxe5 Nxe5 33. Ne3 Qd6 34. Rab3 Nd7 35. Bd3 Qf4 36. Qe2 a5 37. Bb5 c4 38. Bxd7 cxb3 39. Bxe8 Rxe8 40. g3 Qd6 41. Rxb3 Qc5 42. Qc4 Qd6 43. Qb5 1-0

[Event "FRA-chT U16"]
[Site "Dieppe"]
[Date "2015.??.??"]
[Round "?"]
[White "Bonini, Alexandre"]
[Black "Lux, Hugo de Melo"]
[Result "0-1"]
[WhiteElo "1623"]
[BlackElo "2069"]
[PlyCount "64"]
[EventDate "2015.05.??"]
[EventType "team-tourn"]
[EventRounds "6"]
[EventCountry "FRA"]
[SourceTitle "EXT 2016"]
[Source "ChessBase"]
[SourceDate "2015.10.08"]
[SourceVersion "1"]
[SourceVersionDate "2015.10.08"]
[SourceQuality "1"]

1. d4 Nf6 2. c4 e6 3. Nc3 Bb4 4. e3 0-0 5. Nge2 Re8 6. a3 Bf8 7. d5 e5 8. e4 a5 9. Ng3 Bc5 10. Be2 d6 11. 0-0 Nbd7 12. Rb1 c6 13. Nf5 Nf8 14. Ne3 Bd4 15. Qc2 c5 16. Bd3 Ng6 17. Ne2 Nh5 18. b4 axb4 19. axb4 b6 20. Bb2 Nhf4 21. bxc5 bxc5 22. Bxd4 exd4 23. Nf5 Nxd3 24. Qxd3 Ne5 25. Qb3 Ba6 26. Rfc1 g6 27. Qg3 Kf8 28. Nh6 Nxc4 29. Qf4 Ne5 30. Ng3 Qe7 31. h4 Nd3 32. Qd2 Nxc1 0-1

[Event "FRA-chT U20 16 GP Haute 1213"]
[Site "France"]
[Date "2013.05.19"]
[Round "9"]
[White "Bonini, Alexandre"]
[Black "Navrotescu, Vlad Andrei"]
[Result "1-0"]
[WhiteElo "1400"]
[BlackElo "1292"]
[PlyCount "27"]
[EventDate "2012.12.01"]
[EventType "team"]
[EventRounds "11"]
[EventCountry "FRA"]
[SourceTitle "EXT 2014"]
[Source "ChessBase"]
[SourceDate "2013.11.20"]
[SourceVersion "1"]
[SourceVersionDate "2013.11.20"]
[SourceQuality "1"]
[WhiteTeam "Nancy (U20)"]
[BlackTeam "Agneaux Saint Lo (U20)"]
[WhiteTeamCountry "FRA"]
[BlackTeamCountry "FRA"]

1. d4 Nf6 2. c4 e6 3. Nc3 Bb4 4. f3 Nh5 5. Nh3 f5 6. Bg5 Nf6 7. e4 h6 8. Bxf6 Qxf6 9. Qd2 0-0 10. 0-0-0 Nc6 11. g3 e5 12. dxe5 Nxe5 13. f4 Ng4 14. e5 1-0

[Event "FRA-chT U20 16 GP Haute 1213"]
[Site "France"]
[Date "2013.05.18"]
[Round "8"]
[White "Bonini, Alexandre"]
[Black "Ariza, Thomas"]
[Result "0-1"]
[WhiteElo "1400"]
[BlackElo "1740"]
[PlyCount "84"]
[EventDate "2012.12.01"]
[EventType "team"]
[EventRounds "11"]
[EventCountry "FRA"]
[SourceTitle "EXT 2014"]
[Source "ChessBase"]
[SourceDate "2013.11.20"]
[SourceVersion "1"]
[SourceVersionDate "2013.11.20"]
[SourceQuality "1"]
[WhiteTeam "Nancy (U20)"]
[BlackTeam "Bois Colombes (U20)"]
[WhiteTeamCountry "FRA"]
[BlackTeamCountry "FRA"]

1. d4 Nf6 2. c4 c5 3. d5 b5 4. cxb5 a6 5. Nc3 axb5 6. e4 b4 7. Nb5 d6 8. Bc4 Qa5 9. Nf3 Ba6 10. a4 bxa3+ 11. Bd2 Qb6 12. Rxa3 Qb7 13. Qe2 Nbd7 14. 0-0 g6 15. Rfa1 Nb8 16. Bc3 Bg7 17. Nc7+ Qxc7 18. Bb5+ Nbd7 19. Rxa6 Rxa6 20. Rxa6 0-0 21. Ba5 Qb7 22. Bc6 Qb3 23. Ra7 Qa2 24. Qe1 Nb8 25. Rxe7 Qxb2 26. Rb7 Qc2 27. e5 dxe5 28. Nxe5 Ne4 29. Nf3 Nd6 30. Rb1 Nxc6 31. dxc6 Qa4 32. Qd1 Qxc6 33. Rb6 Qa8 34. Rxd6 Qxa5 35. Rd2 c4 36. Rc2 Rd8 37. Rd2 Rb8 38. Rc2 c3 39. g3 Rd8 40. Qe1 Qf5 41. Qe2 Rd3 42. Nh4 Qd5 0-1